| 000 | 00778nam a2200205 i 4500 | ||
|---|---|---|---|
| 001 | 128905 | ||
| 003 | ES-MaACL | ||
| 005 | 20250902221311.0 | ||
| 007 | t| | ||
| 008 | 070530s1914 fr |||| | fre d | ||
| 080 | _a693.5 | ||
| 100 | 1 |
_aTaylor, Frederick Winslow. _9109445 |
|
| 245 | 1 | 0 |
_aPractique de la construction en béton et mortier de ciment armés ou non armés, avec établissement rationnel des prix de revient / _cpar Frederick W. Taylor et Sandford E. Thompson ; traduit et adapté par M. Darras. |
| 260 |
_aParis : _b[s.n.], _c1914 ( _eTours : _fDeslis Frères) |
||
| 300 |
_aXXIII, 720 p. ; _c25 cm. |
||
| 650 | 7 |
_aEstructuras de hormigón _2embne _911296 |
|
| 700 | 1 |
_aThompson, Sanford E. _9163058 |
|
| 852 |
_aES-MaACL _jB-4563 |
||
| 999 |
_c128905 _d128905 |
||